[Event "Wch U18 Girls"]
[Site "Porto Carras"]
[Date "2018.10.21"]
[Round "3"]
[White "Radeva, Viktoria"]
[Black "Nemcova, Kamila"]
[Result "1/2-1/2"]
[WhiteElo "2163"]
[BlackElo "1879"]
[PlyCount "118"]
[EventDate "2018.10.20"]
[EventType "swiss"]
[EventRounds "11"]
[EventCountry "GRE"]
[SourceTitle "CBM 187 Extra"]
[Source "ChessBase"]
[SourceDate "2018.11.04"]
[SourceVersion "1"]
[SourceVersionDate "2018.11.04"]
[SourceQuality "1"]

1. e4 c5 2. Nf3 d6 3. d4 cxd4 4. Nxd4 Nf6 5. Nc3 a6 6. Be2 e5 7. Nb3 Be7 8. 0-0 Nbd7 9. a4 b6 10. Bf3 Bb7 11. Re1 0-0 12. Nd2 Rc8 13. Nf1 Qc7 14. Ng3 Rfd8 15. Bg5 h6 16. Nf5 Bf8 17. Bh4 g5 18. Bg3 Nc5 19. h4 Ne6 20. hxg5 hxg5 21. Qd2 Qc4 22. Rad1 Qb4 23. Qc1 Qc5 24. Ne3 Nd4 25. Ned5 Nxf3+ 26. gxf3 Nh7 27. Kg2 b5 28. axb5 axb5 29. Rh1 f6 30. Rh5 b4 31. Rdh1 bxc3 32. Rxh7 Bxd5 33. exd5 Qxd5 34. Qe3 g4 35. Qa7 Qxf3+ 36. Kg1 Qd1+ 37. Kh2 Qd5 38. Kg1 Qd1+ 39. Kh2 Qd5 40. Kg1 Qd1+ 41. Kg2 Qf3+ 42. Kh2 Qd5 43. Rd1 Qe6 44. Rh1 f5 45. Kg1 Rd7 46. Qxd7 Qxd7 47. Rxd7 cxb2 48. Kg2 Rxc2 49. Rb1 f4 50. Bh4 g3 51. Bxg3 fxg3 52. Kxg3 Bh6 53. Rxd6 Rc3+ 54. Kg2 Bc1 55. Rb6 Rc2 56. Kf3 Kf7 57. Ke4 Re2+ 58. Kf3 Rc2 59. Ke4 Re2+ 1/2-1/2

[Event "Wch U18 Girls"]
[Site "Porto Carras"]
[Date "2018.10.20"]
[Round "1"]
[White "Dimitrova, Aleksandra"]
[Black "Nemcova, Kamila"]
[Result "0-1"]
[WhiteElo "2228"]
[BlackElo "1879"]
[PlyCount "70"]
[EventDate "2018.10.20"]
[EventType "swiss"]
[EventRounds "11"]
[EventCountry "GRE"]
[SourceTitle "CBM 187 Extra"]
[Source "ChessBase"]
[SourceDate "2018.11.04"]
[SourceVersion "1"]
[SourceVersionDate "2018.11.04"]
[SourceQuality "1"]

1. e4 c5 2. Nf3 d6 3. d4 cxd4 4. Nxd4 Nf6 5. Nc3 a6 6. h4 e5 7. Nb3 Be6 8. f4 exf4 9. Bxf4 Nc6 10. Qd2 Ne5 11. Nd4 Be7 12. 0-0-0 Rc8 13. Nf5 Bxf5 14. exf5 Qa5 15. Kb1 Qb4 16. Bg5 h6 17. Be3 0-0 18. Bd4 Nc6 19. Be2 Rfd8 20. a3 Qa5 21. g4 Nd7 22. g5 hxg5 23. hxg5 Nxd4 24. Qxd4 Bxg5 25. Qg4 Bf6 26. Qh5 g6 27. Qh7+ Kf8 28. fxg6 fxg6 29. Rxd6 Qe5 30. Rxd7 Rxd7 31. Qxd7 Rxc3 32. Rh7 Rc7 33. Rf7+ Kg8 34. Rxf6 Rxd7 35. Rxg6+ Kf7 0-1

[Event "Ricany op-A"]
[Site "Ricany"]
[Date "2017.08.27"]
[Round "3"]
[White "Nemcova, Kamila"]
[Black "Hejsek, Lukas"]
[Result "1-0"]
[WhiteElo "1908"]
[BlackElo "1683"]
[PlyCount "55"]
[EventDate "2017.08.26"]
[EventType "swiss"]
[EventRounds "9"]
[EventCountry "CZE"]
[SourceTitle "CBM 180 Extra"]
[Source "ChessBase"]
[SourceDate "2017.10.06"]
[SourceVersion "1"]
[SourceVersionDate "2017.10.06"]
[SourceQuality "1"]

1. e4 c5 2. Nf3 g6 3. d4 cxd4 4. Nxd4 Nf6 5. Nc3 Bg7 6. Nb3 Nc6 7. Be2 0-0 8. 0-0 d6 9. Kh1 a5 10. a4 Bd7 11. Bg5 Nb4 12. f4 Bc6 13. Bf3 Nd7 14. Re1 Nc5 15. Nd5 Bxd5 16. exd5 Re8 17. c3 Nbd3 18. Re2 Nxb3 19. Qxb3 h6 20. Qc4 hxg5 21. Qxd3 gxf4 22. Rae1 Be5 23. Qb5 Qc7 24. Re4 Rac8 25. Be2 b6 26. Rc4 Qb7 27. b4 Rxc4 28. Qxe8+ 1-0

[Event "CZE-chT U18 Extraliga final-A 1617"]
[Site "Czech Republic"]
[Date "2017.04.22"]
[Round "9.6"]
[White "Nemcova, Kamila"]
[Black "Neumann, Filip"]
[Result "1/2-1/2"]
[WhiteElo "1789"]
[BlackElo "1730"]
[PlyCount "128"]
[EventDate "2016.10.01"]
[EventType "team-tourn"]
[EventRounds "11"]
[EventCountry "CZE"]
[SourceTitle "EXT 2022"]
[Source "ChessBase"]
[SourceDate "2021.10.06"]
[SourceVersion "1"]
[SourceVersionDate "2021.10.06"]
[SourceQuality "1"]
[WhiteTeam "Praha Oaza U18"]
[BlackTeam "Orlova Slavia U18"]
[WhiteTeamCountry "CZE"]
[BlackTeamCountry "CZE"]

1. e4 c5 2. Nf3 d6 3. d3 Nf6 4. g3 g6 5. Bg2 Nc6 6. 0-0 Bg7 7. c3 0-0 8. Nbd2 Ng4 9. Qe2 Nge5 10. Nh4 Qb6 11. Nb3 Be6 12. Qc2 Qa6 13. Rd1 Bxb3 14. Qxb3 Nxd3 15. Be3 Nce5 16. Bf1 c4 17. Qc2 Qc6 18. Bg2 Qc7 19. h3 Nc5 20. f4 Ned7 21. Nf3 Nf6 22. e5 dxe5 23. Nxe5 Ncd7 24. Nxd7 Nxd7 25. Qe4 Nf6 26. Qxb7 Qxb7 27. Bxb7 Rab8 28. Ba6 Rxb2 29. Bxc4 Rc8 30. Bd3 Nd5 31. Bxa7 Rxc3 32. Bf2 Nb4 33. Be4 f5 34. Bh1 Rcc2 35. Ba7 Rxa2 36. Rxa2 Nxa2 37. Rd8+ Kf7 38. Bd5+ e6 39. Rd7+ Ke8 40. Bxe6 Re2 41. Rxg7 Rxe6 42. Rxh7 Re7 43. Rxe7+ Kxe7 44. Kf2 Nc3 45. Kf3 Ne4 46. g4 Nd2+ 47. Ke2 fxg4 48. hxg4 Ne4 49. Bd4 Ke6 50. Ke3 Nd6 51. Kf3 Nc4 52. Kg3 Nd2 53. Bb2 Nc4 54. Bc3 Nd6 55. Kh4 Kf7 56. Bb2 Nc4 57. Bd4 Nd2 58. Kg3 Ke6 59. Bb2 Nc4 60. Bd4 Nd2 61. Bh8 Ne4+ 62. Kh4 Kf7 63. f5 gxf5 64. gxf5 Nd6 1/2-1/2

[Event "CZE-chT U18 Extraliga final-A 1617"]
[Site "Czech Republic"]
[Date "2017.04.21"]
[Round "8.6"]
[White "Stalmach, Richard"]
[Black "Nemcova, Kamila"]
[Result "1-0"]
[WhiteElo "1887"]
[BlackElo "1789"]
[PlyCount "61"]
[EventDate "2016.10.01"]
[EventType "team-tourn"]
[EventRounds "11"]
[EventCountry "CZE"]
[SourceTitle "EXT 2022"]
[Source "ChessBase"]
[SourceDate "2021.10.06"]
[SourceVersion "1"]
[SourceVersionDate "2021.10.06"]
[SourceQuality "1"]
[WhiteTeam "Frydek Mistek U18"]
[BlackTeam "Praha Oaza U18"]
[WhiteTeamCountry "CZE"]
[BlackTeamCountry "CZE"]

1. d4 d5 2. Nf3 Nf6 3. c4 c6 4. e3 e6 5. Bd3 Be7 6. 0-0 0-0 7. Nc3 Nbd7 8. e4 dxc4 9. Bxc4 b5 10. Bd3 Bb7 11. e5 Ne8 12. Ne4 a6 13. Be3 Rc8 14. Rc1 Nc7 15. Bb1 Nd5 16. Qd3 Nb4 17. Qe2 Nd5 18. a3 a5 19. Qd3 g6 20. Bh6 Re8 21. Nfg5 Qb6 22. Rfd1 c5 23. Nxc5 Nxc5 24. dxc5 Rxc5 25. Rxc5 Qxc5 26. Qf3 f5 27. exf6 Bxf6 28. Ne4 Qc6 29. Rxd5 exd5 30. Qxf6 Qc1+ 31. Bxc1 1-0

[Event "Kouty nad Desnou op-A"]
[Site "Kouty nad Desnou"]
[Date "2017.03.18"]
[Round "9"]
[White "Lajbl, Jan"]
[Black "Nemcova, Kamila"]
[Result "1/2-1/2"]
[WhiteElo "1703"]
[BlackElo "1945"]
[PlyCount "60"]
[EventDate "2017.03.11"]
[EventType "swiss"]
[EventRounds "9"]
[EventCountry "CZE"]
[SourceTitle "CBM 177 Extra"]
[Source "ChessBase"]
[SourceDate "2017.04.27"]
[SourceVersion "1"]
[SourceVersionDate "2017.04.27"]
[SourceQuality "1"]

1. e4 c5 2. Nf3 d6 3. d4 cxd4 4. Nxd4 Nf6 5. Nc3 Nc6 6. Be2 e5 7. Nb3 Be7 8. 0-0 Be6 9. f4 exf4 10. Bxf4 0-0 11. Kh1 Ne5 12. Nd4 Qb6 13. Nxe6 fxe6 14. Bxe5 dxe5 15. Bc4 Rfd8 16. Qe2 Rd4 17. a3 Kh8 18. Bd3 a6 19. Qf2 Qxb2 20. Ne2 Nxe4 21. Qe3 Nf6 22. Rab1 Rxd3 23. Qxd3 e4 24. Rxb2 exd3 25. cxd3 Ng4 26. d4 b5 27. a4 b4 28. Kg1 Rd8 29. h3 Ne3 30. Rb3 Nf5 1/2-1/2

[Event "EU-ch U16 Girls 26th"]
[Site "Prague"]
[Date "2016.08.27"]
[Round "9"]
[White "Nemcova, Kamila"]
[Black "Waardenburg, Feline"]
[Result "1-0"]
[WhiteElo "1774"]
[BlackElo "1559"]
[PlyCount "83"]
[EventDate "2016.08.18"]
[EventType "swiss"]
[EventRounds "9"]
[EventCountry "CZE"]
[SourceTitle "CBM 174 Extra"]
[Source "ChessBase"]
[SourceDate "2016.10.10"]
[SourceVersion "1"]
[SourceVersionDate "2016.10.10"]
[SourceQuality "1"]

1. e4 c5 2. Nf3 Nc6 3. d4 cxd4 4. Nxd4 g6 5. Nc3 Bg7 6. Nb3 Nf6 7. Be2 0-0 8. 0-0 d6 9. Bg5 a6 10. f4 Nd7 11. Qd2 Nb6 12. Rae1 Be6 13. f5 Bc4 14. fxg6 hxg6 15. Bh6 Bxe2 16. Bxg7 Kxg7 17. Qxe2 Rc8 18. Rf2 Ne5 19. Ref1 Nbc4 20. Nd4 Qd7 21. b3 Nb6 22. Nb1 Ng4 23. Rf4 e5 24. Rxg4 exd4 25. Qf3 Qe6 26. Rf2 Rc7 27. Rf4 Qe5 28. Kh1 d5 29. exd5 Nxd5 30. Re4 Qg5 31. Rxd4 Ne7 32. c4 Nf5 33. Rg4 Qc1+ 34. Rf1 Qxf1+ 35. Qxf1 Ne3 36. Qf4 Rd7 37. Qxe3 Rd1+ 38. Qg1 Rfd8 39. Nc3 Rxg1+ 40. Kxg1 Rd2 41. Kf1 Rc2 42. Rg3 1-0

[Event "EU-ch U16 Girls 26th"]
[Site "Prague"]
[Date "2016.08.26"]
[Round "8"]
[White "Buchta, Agnieszka"]
[Black "Nemcova, Kamila"]
[Result "1/2-1/2"]
[WhiteElo "1599"]
[BlackElo "1774"]
[PlyCount "43"]
[EventDate "2016.08.18"]
[EventType "swiss"]
[EventRounds "9"]
[EventCountry "CZE"]
[SourceTitle "CBM 174 Extra"]
[Source "ChessBase"]
[SourceDate "2016.10.10"]
[SourceVersion "1"]
[SourceVersionDate "2016.10.10"]
[SourceQuality "1"]

1. e4 c5 2. b3 d6 3. Bb2 Nf6 4. Bb5+ Nc6 5. Bxc6+ bxc6 6. d3 g6 7. f4 Bg7 8. Nf3 0-0 9. 0-0 Qb6 10. c4 d5 11. Qe1 d4 12. Nbd2 Ng4 13. Qh4 Bf6 14. Qg3 Ne3 15. Rfd1 Bg7 16. Nf1 Nxf1 17. Rxf1 a5 18. Bc1 a4 19. bxa4 Rxa4 20. Nh4 Qa5 21. a3 Qc7 22. Qf2 1/2-1/2

[Event "EU-ch U16 Girls 26th"]
[Site "Prague"]
[Date "2016.08.20"]
[Round "3"]
[White "Vrtiakova, Anna"]
[Black "Nemcova, Kamila"]
[Result "0-1"]
[WhiteElo "1952"]
[BlackElo "1774"]
[PlyCount "166"]
[EventDate "2016.08.18"]
[EventType "swiss"]
[EventRounds "9"]
[EventCountry "CZE"]
[SourceTitle "CBM 174 Extra"]
[Source "ChessBase"]
[SourceDate "2016.10.10"]
[SourceVersion "1"]
[SourceVersionDate "2016.10.10"]
[SourceQuality "1"]

1. e4 c5 2. Nf3 d6 3. d4 cxd4 4. Nxd4 Nf6 5. Nc3 a6 6. Be3 e5 7. Nb3 Be6 8. f4 exf4 9. Bxf4 Nc6 10. Qe2 Be7 11. h3 Ne5 12. 0-0-0 Qc7 13. Kb1 0-0-0 14. g4 h6 15. Nd4 Bc4 16. Qf2 Rhe8 17. Bg2 Bf8 18. Rhe1 Qa5 19. Be3 Ned7 20. Nb3 Qc7 21. Bd4 Kb8 22. Na4 Bb5 23. Nb6 Bc6 24. Nxd7+ Rxd7 25. Bxf6 gxf6 26. Qxf6 Re6 27. Qf4 Bg7 28. Qd2 Rde7 29. Nd4 Bxd4 30. Qxd4 d5 31. Qh8+ Re8 32. Qd4 dxe4 33. Re3 Qe5 34. Qd2 f5 35. gxf5 Qxf5 36. Rf1 Qg5 37. Qf2 R6e7 38. h4 Qg6 39. Bh3 Bd5 40. Bf5 Qc6 41. b3 Rf7 42. Qg3+ Qc7 43. Qxc7+ Kxc7 44. c4 Bc6 45. Bh3 Rxf1+ 46. Bxf1 Kd6 47. Rg3 e3 48. Be2 Kc5 49. Kb2 Kd4 50. Rg1 Be4 51. Rd1+ Ke5 52. Kc3 Rf8 53. b4 Rf4 54. Re1 Rxh4 55. Bd3 Bxd3 56. Kxd3 Rd4+ 57. Kc3 Ke4 58. Rh1 Rd3+ 59. Kc2 Rd6 60. c5 Rg6 61. Rh4+ Kf3 62. Rh3+ Kf2 63. Kd3 Re6 64. Rh2+ Kf3 65. Rh3+ Kf2 66. Rh2+ Kg3 67. Re2 h5 68. a4 h4 69. b5 axb5 70. axb5 h3 71. c6 bxc6 72. b6 h2 73. b7 Rd6+ 74. Kc3 Rd8 75. Rxe3+ Kf2 76. Rd3 Rb8 77. Rd2+ Kg3 78. Rd3+ Kg4 79. Rd4+ Kg5 80. Rd1 Rxb7 81. Rh1 Rh7 82. Kd3 Kg4 83. Ke2 Kg3 0-1

[Event "EU-ch U16 Girls 26th"]
[Site "Prague"]
[Date "2016.08.18"]
[Round "1"]
[White "Radeva, Viktoria"]
[Black "Nemcova, Kamila"]
[Result "1-0"]
[WhiteElo "2080"]
[BlackElo "1774"]
[PlyCount "133"]
[EventDate "2016.08.18"]
[EventType "swiss"]
[EventRounds "9"]
[EventCountry "CZE"]
[SourceTitle "CBM 174 Extra"]
[Source "ChessBase"]
[SourceDate "2016.10.10"]
[SourceVersion "1"]
[SourceVersionDate "2016.10.10"]
[SourceQuality "1"]

1. Nf3 Nf6 2. g3 d5 3. Bg2 Bf5 4. d3 c6 5. 0-0 h6 6. Nbd2 e6 7. b3 Be7 8. Bb2 0-0 9. Ne5 Qc7 10. e4 dxe4 11. dxe4 Bh7 12. Qe2 Nbd7 13. Nxd7 Nxd7 14. f4 Rad8 15. Rad1 b5 16. c4 Rfe8 17. Nf3 Qb6+ 18. Kh1 Bf6 19. Nd4 e5 20. fxe5 Bxe5 21. cxb5 cxb5 22. Ba1 a6 23. Nf5 Bxa1 24. Rxa1 Nc5 25. Qg4 Bg6 26. Rad1 Qe6 27. Rd5 Rc8 28. e5 Red8 29. Qd4 Rxd5 30. Bxd5 Qd7 31. Nd6 Rc7 32. b4 Ne6 33. Qb6 Ra7 34. Rc1 Rc7 35. Bc6 Qe7 36. Qxa6 Nd4 37. Qb6 Nxc6 38. Rxc6 Rxc6 39. Qxc6 Qxe5 40. Qe8+ Qxe8 41. Nxe8 Kf8 42. Nc7 Bd3 43. Kg2 Bc4 44. Kf3 Ke7 45. a3 Kd7 46. Na6 Kd6 47. Ke4 g6 48. Kd4 f5 49. a4 g5 50. a5 h5 51. Nc5 Bd5 52. Nd3 Bb7 53. Ne5 Bd5 54. a6 f4 55. gxf4 gxf4 56. Nd3 f3 57. Ke3 Kc7 58. Nf4 Bf7 59. Kxf3 Kb6 60. Ke4 Kxa6 61. Ke5 Kb6 62. Kd6 Be8 63. h4 Bf7 64. Ke7 Bc4 65. Nxh5 Be2 66. Nf4 Bg4 67. Kd6 1-0

[Event "Liptovsky Mikulas CupT U20"]
[Site "Liptovsky Mikulas"]
[Date "2016.06.23"]
[Round "5.2"]
[White "Korcyl, Patryk"]
[Black "Nemcova, Kamila"]
[Result "1-0"]
[WhiteElo "1527"]
[BlackElo "1743"]
[PlyCount "57"]
[EventDate "2016.06.21"]
[EventType "team-swiss"]
[EventRounds "8"]
[EventCountry "SVK"]
[SourceTitle "CBM 173 Extra"]
[Source "ChessBase"]
[SourceDate "2016.08.29"]
[SourceVersion "1"]
[SourceVersionDate "2016.08.29"]
[SourceQuality "1"]
[WhiteTeam "Krakow CC (U20)"]
[BlackTeam "Svetla nad Sazavou U20"]
[WhiteTeamCountry "POL"]
[BlackTeamCountry "CZE"]

1. e4 c5 2. Nf3 d6 3. d4 cxd4 4. Nxd4 Nf6 5. Nc3 a6 6. Be3 e5 7. Nb3 Be6 8. f3 Be7 9. Qd2 h5 10. 0-0-0 Nbd7 11. Kb1 b5 12. Rg1 Nb6 13. g3 0-0 14. Bg5 b4 15. Bxf6 Bxf6 16. Nd5 Nxd5 17. exd5 Qb6 18. dxe6 Qxg1 19. exf7+ Rxf7 20. Bc4 Qa7 21. Qxb4 Rd8 22. Bxf7+ Kxf7 23. Qc4+ Kf8 24. f4 Qf2 25. fxe5 dxe5 26. Rxd8+ Bxd8 27. Qc5+ Qxc5 28. Nxc5 Bb6 29. Nd7+ 1-0

[Event "CZE-chT U18 Extraliga final-A 1516"]
[Site "Czech Republic"]
[Date "2016.04.24"]
[Round "11.6"]
[White "Krejcok, Tobias"]
[Black "Nemcova, Kamila"]
[Result "1-0"]
[WhiteElo "1561"]
[BlackElo "1809"]
[PlyCount "83"]
[EventDate "2015.10.03"]
[EventType "team-tourn"]
[EventRounds "11"]
[EventCountry "CZE"]
[SourceTitle "EXT 2022"]
[Source "ChessBase"]
[SourceDate "2021.10.06"]
[SourceVersion "1"]
[SourceVersionDate "2021.10.06"]
[SourceQuality "1"]
[WhiteTeam "Frydek Mistek U18"]
[BlackTeam "Praha Oaza U18"]
[WhiteTeamCountry "CZE"]
[BlackTeamCountry "CZE"]

1. e4 c5 2. Nf3 d6 3. d4 cxd4 4. Nxd4 Nf6 5. Nc3 a6 6. Be2 e5 7. Nb3 Be7 8. 0-0 Nbd7 9. Be3 Qc7 10. f3 b6 11. Qd2 Bb7 12. Rad1 0-0 13. g4 Rac8 14. g5 Ne8 15. Kh1 b5 16. a3 Nb6 17. Na5 Ba8 18. Rg1 Rd8 19. Bxb6 Qxb6 20. Nb3 Nc7 21. Nd5 Nxd5 22. exd5 f5 23. c4 bxc4 24. Bxc4 Rc8 25. Qe2 Bb7 26. Rc1 Rfe8 27. Qd3 g6 28. Rg2 Bf8 29. Re2 Bg7 30. h4 Re7 31. h5 Kf7 32. Kg2 Ree8 33. Nd2 Rc5 34. b4 Rc7 35. Nb3 Rec8 36. Rec2 Ke7 37. Na5 Kd7 38. Rh1 Rh8 39. h6 Bf8 40. Rhc1 Be7 41. Bb5+ axb5 42. Rxc7+ 1-0

[Event "CZE-chT U18 Extraliga final-A 1516"]
[Site "Czech Republic"]
[Date "2016.04.22"]
[Round "8.6"]
[White "Nemcova, Kamila"]
[Black "Neumann, Filip"]
[Result "1/2-1/2"]
[WhiteElo "1809"]
[BlackElo "1621"]
[PlyCount "155"]
[EventDate "2015.10.03"]
[EventType "team-tourn"]
[EventRounds "11"]
[EventCountry "CZE"]
[SourceTitle "EXT 2022"]
[Source "ChessBase"]
[SourceDate "2021.10.06"]
[SourceVersion "1"]
[SourceVersionDate "2021.10.06"]
[SourceQuality "1"]
[WhiteTeam "Praha Oaza U18"]
[BlackTeam "Orlova Slavia U18"]
[WhiteTeamCountry "CZE"]
[BlackTeamCountry "CZE"]

1. e4 e5 2. Nf3 Nc6 3. d4 exd4 4. Bc4 Bc5 5. c3 Nf6 6. cxd4 Bb4+ 7. Bd2 Nxe4 8. Bxb4 Nxb4 9. Bxf7+ Kxf7 10. Qb3+ d5 11. Ne5+ Ke6 12. Qxb4 c5 13. Qa4 cxd4 14. Qxd4 Qf6 15. Nf3 Qxd4 16. Nxd4+ Ke5 17. Nb3 Kd6 18. N1d2 Nxd2 19. Kxd2 Rf8 20. f3 Bd7 21. Rhe1 Rac8 22. Rac1 Rxc1 23. Rxc1 Re8 24. Nc5 Bc6 25. b4 b6 26. Nb3 Bb5 27. Nd4 Bc4 28. a3 g6 29. Rc3 a5 30. Re3 Re5 31. Rxe5 Kxe5 32. Ke3 axb4 33. axb4 Bf1 34. g3 Bh3 35. Nc6+ Kd6 36. Nd4 Ke5 37. f4+ Kd6 38. Nb5+ Kc6 39. Nc3 Kd6 40. Kd4 Bg2 41. Nb5+ Kc6 42. Nc3 Kd6 43. Ke3 Bh3 44. Kd4 Bg2 45. b5 Bf3 46. Na4 Kc7 47. Ke5 h5 48. Nc3 d4 49. Kxd4 Kd6 50. Na4 Be2 51. Nxb6 Bxb5 52. Nd5 Bc6 53. Ne3 Ke6 54. Kc5 Be4 55. Kd4 Bf5 56. Nc4 Kf6 57. h4 Be6 58. Nd6 Bd7 59. Ke4 Bc6+ 60. Kd4 Ke6 61. Nc4 Ba4 62. Ke4 Bc2+ 63. Kd4 Bf5 64. Ne3 Bb1 65. Nc4 Bf5 66. Ne5 Bb1 67. Nc4 Kf5 68. Ne3+ Ke6 69. Kc5 Bf5 70. Kd4 Bb1 71. Nd5 Bf5 72. Nc7+ Kd7 73. Nd5 Ke6 74. Nb6 Bb1 75. Nc4 Kf5 76. Ne3+ Ke6 77. Nd1 Bf5 78. Ne3 1/2-1/2

[Event "Liberec op 16th"]
[Site "Liberec"]
[Date "2016.02.14"]
[Round "2"]
[White "Nemcova, Kamila"]
[Black "Chudinovskih, Alexander N"]
[Result "0-1"]
[WhiteElo "1787"]
[BlackElo "2257"]
[PlyCount "62"]
[EventDate "2016.02.13"]
[EventType "swiss"]
[EventRounds "9"]
[EventCountry "CZE"]
[SourceTitle "CBM 170 Extra"]
[Source "ChessBase"]
[SourceDate "2016.02.25"]
[SourceVersion "1"]
[SourceVersionDate "2016.02.25"]
[SourceQuality "1"]

1. e4 c5 2. Nf3 d6 3. d4 cxd4 4. Nxd4 Nf6 5. Nc3 Nc6 6. Be2 e5 7. Nb3 Be7 8. Bg5 0-0 9. Bxf6 Bxf6 10. 0-0 Be6 11. Nd5 Bg5 12. c3 Rc8 13. Qd3 g6 14. Rad1 f5 15. Bf3 f4 16. Nd2 Rf7 17. Nc4 Kh8 18. Qe2 h5 19. Nxd6 Qxd6 20. Nxf4 Nd4 21. Nxg6+ Kg7 22. cxd4 Bc4 23. dxe5 Qxg6 24. Bxh5 Bxe2 25. Bxg6 Kxg6 26. Rd6+ Kg7 27. Re1 Rc1 28. Rxc1 Bxc1 29. e6 Re7 30. Rd7 Kf6 31. e5+ Kxe6 0-1

[Event "CZE-chT U18 Extraliga West 1516"]
[Site "Czech Republic"]
[Date "2016.01.23"]
[Round "6.6"]
[White "Nemcova, Kamila"]
[Black "Molkanov, Oleg"]
[Result "1/2-1/2"]
[WhiteElo "1809"]
[BlackElo "1655"]
[PlyCount "66"]
[EventDate "2015.10.03"]
[EventType "team-tourn"]
[EventRounds "11"]
[EventCountry "CZE"]
[SourceTitle "EXT 2022"]
[Source "ChessBase"]
[SourceDate "2021.10.06"]
[SourceVersion "1"]
[SourceVersionDate "2021.10.06"]
[SourceQuality "1"]
[WhiteTeam "Praha Oaza U18"]
[BlackTeam "Praha Kobylisy U18"]
[WhiteTeamCountry "CZE"]
[BlackTeamCountry "CZE"]

1. e4 c5 2. Nf3 d6 3. d4 cxd4 4. Nxd4 Nf6 5. Nc3 a6 6. Be2 e5 7. Nb3 Be7 8. Bg5 Nbd7 9. a4 b6 10. 0-0 0-0 11. Nd5 Bb7 12. Nxe7+ Qxe7 13. Bf3 h6 14. Bxf6 Nxf6 15. Qd3 Rfd8 16. c4 a5 17. Rfd1 Ba6 18. Qc2 Rac8 19. Be2 Nd7 20. Nc1 Qe6 21. b3 Qg6 22. Rd2 Nc5 23. f3 Ne6 24. Na2 Rc7 25. Nc3 Nd4 26. Qd1 Bc8 27. Nd5 Rb7 28. Rb1 Be6 29. Nc3 Bh3 30. Bf1 Bd7 31. Nd5 Bc6 32. Nc3 Bd7 33. Rd3 f5 1/2-1/2

[Event "Ricany op"]
[Site "Ricany"]
[Date "2015.08.26"]
[Round "6"]
[White "Nemcova, Kamila"]
[Black "Skvaril, Michal"]
[Result "0-1"]
[WhiteElo "1731"]
[BlackElo "1785"]
[PlyCount "78"]
[EventDate "2015.08.22"]
[EventType "swiss"]
[EventRounds "9"]
[EventCountry "CZE"]
[SourceTitle "EXT 2023"]
[Source "ChessBase"]
[SourceDate "2022.10.05"]
[SourceVersion "1"]
[SourceVersionDate "2022.10.05"]
[SourceQuality "1"]

1. e4 e5 2. Nf3 Nc6 3. Bc4 Nf6 4. Ng5 d5 5. exd5 Na5 6. Bb5+ c6 7. dxc6 bxc6 8. Bd3 Bd6 9. Nc3 0-0 10. 0-0 Nb7 11. Qf3 h6 12. Nge4 Nxe4 13. Qxe4 f5 14. Qxc6 Rb8 15. Qd5+ Kh8 16. Nb5 e4 17. Nxd6 Nxd6 18. Be2 f4 19. f3 Qf6 20. fxe4 Bb7 21. Qd3 Nxe4 22. c3 Rbe8 23. Bf3 Ba6 24. Qd5 Bxf1 25. Kxf1 Ng5 26. d4 Nxf3 27. Qxf3 Qh4 28. Bd2 Qxh2 29. Re1 Rxe1+ 30. Bxe1 Re8 31. Qh3 Qxh3 32. gxh3 Re3 33. h4 g5 34. hxg5 hxg5 35. Bd2 Rd3 36. Ke2 Rh3 37. c4 f3+ 38. Kf1 g4 39. Be1 g3 0-1

[Event "CZE-chT U20 Extraliga final-A 1415"]
[Site "Czech Republic"]
[Date "2015.04.26"]
[Round "11.5"]
[White "Jurasek, Vojtech"]
[Black "Nemcova, Kamila"]
[Result "1/2-1/2"]
[WhiteElo "1627"]
[BlackElo "1660"]
[PlyCount "49"]
[EventDate "2014.10.11"]
[EventType "team-tourn"]
[EventRounds "11"]
[EventCountry "CZE"]
[SourceTitle "EXT 2021"]
[Source "ChessBase"]
[SourceDate "2020.10.23"]
[SourceVersion "1"]
[SourceVersionDate "2020.10.23"]
[SourceQuality "1"]
[WhiteTeam "Brno Lokomotiva (U20)"]
[BlackTeam "Praha Promat Oaza (U20)"]
[WhiteTeamCountry "CZE"]
[BlackTeamCountry "CZE"]

1. d4 d5 2. c4 c6 3. Nc3 Nf6 4. Nf3 dxc4 5. a4 Bf5 6. e3 e6 7. Bxc4 Bb4 8. Bd2 Nbd7 9. 0-0 0-0 10. h3 h6 11. Re1 Re8 12. Rc1 a6 13. Na2 Bxd2 14. Qxd2 Nb6 15. Bb3 Nbd5 16. Bc2 Ne4 17. Bxe4 Bxe4 18. Ne5 Qg5 19. f3 Bf5 20. f4 Qg3 21. e4 Nxf4 22. exf5 Nxh3+ 23. Kh1 Nf2+ 24. Kg1 Nh3+ 25. Kh1 1/2-1/2

[Event "Liberec op 15th"]
[Site "Liberec"]
[Date "2015.02.17"]
[Round "5"]
[White "Nemcova, Kamila"]
[Black "Kucera, Jan1111"]
[Result "1-0"]
[WhiteElo "1697"]
[BlackElo "1929"]
[PlyCount "100"]
[EventDate "2015.02.14"]
[EventType "swiss"]
[EventRounds "9"]
[EventCountry "CZE"]
[SourceTitle "CBM 164 Extra"]
[Source "ChessBase"]
[SourceDate "2015.03.02"]
[SourceVersion "1"]
[SourceVersionDate "2015.03.02"]
[SourceQuality "1"]

1. e4 d6 2. d4 Nf6 3. Nc3 c6 4. Nf3 Bg4 5. Be2 Nbd7 6. Bf4 Qa5 7. Qd2 e5 8. Be3 Be7 9. 0-0 0-0 10. Rad1 b5 11. dxe5 dxe5 12. Nd5 Qd8 13. Nxf6+ Bxf6 14. h3 Be6 15. Qc3 Qc8 16. Rd6 Be7 17. Rxc6 Qb7 18. Rc7 Qxe4 19. Bxb5 Bb4 20. Bc6 Bxc3 21. Bxe4 Ba5 22. Rxa7 Rxa7 23. Bxa7 Rc8 24. c3 f5 25. Bc2 f4 26. Bxh7+ Kh8 27. Be4 Rc7 28. b4 Rxa7 29. bxa5 Rxa5 30. Bc6 Nb8 31. Be4 Nd7 32. Ra1 Nc5 33. Bc2 Nd7 34. a4 Nf6 35. Re1 Nd7 36. Rd1 Rc5 37. Ng5 Bd5 38. c4 Bc6 39. Bb3 g6 40. Rd6 Nf8 41. Nf7+ Kg8 42. Nxe5 Bxa4 43. Nd3 Ra5 44. Bxa4 Rxa4 45. c5 g5 46. c6 Ra7 47. Nc5 Rc7 48. Na6 Rc8 49. c7 Ng6 50. Rd8+ Kf7 1-0

[Event "Liberec op 15th"]
[Site "Liberec"]
[Date "2015.02.14"]
[Round "1"]
[White "Nemcova, Kamila"]
[Black "Buchcar, Tomas"]
[Result "0-1"]
[WhiteElo "1697"]
[BlackElo "2098"]
[PlyCount "72"]
[EventDate "2015.02.14"]
[EventType "swiss"]
[EventRounds "9"]
[EventCountry "CZE"]
[SourceTitle "CBM 164 Extra"]
[Source "ChessBase"]
[SourceDate "2015.03.02"]
[SourceVersion "1"]
[SourceVersionDate "2015.03.02"]
[SourceQuality "1"]

1. e4 c5 2. Nf3 d6 3. d4 cxd4 4. Nxd4 Nf6 5. Nc3 a6 6. Be2 e6 7. 0-0 Be7 8. Kh1 0-0 9. f4 Qc7 10. Be3 Nbd7 11. Qe1 b5 12. Bf3 Bb7 13. a3 Rfe8 14. Nb3 Rac8 15. Rd1 Bf8 16. Qg3 e5 17. f5 Qb8 18. Rd2 Rxc3 19. bxc3 Bxe4 20. Qh3 Rc8 21. Bxe4 Nxe4 22. Rd3 Ndf6 23. Bg1 Qb7 24. Nd2 Nxd2 25. Rxd2 Rc4 26. Rf3 d5 27. Re3 Qc7 28. Rdd3 Bxa3 29. Rg3 Bf8 30. Rge3 Rf4 31. Rf3 Ra4 32. Rf1 Ra2 33. Rf2 Ra1 34. Re2 Bc5 35. Ree3 h5 36. Rd2 Ng4 0-1